Shakira Charting Songs (Billboard Hot 100) - Statistics

General Stats
  • This quiz has been taken 229 times
    13 since last reset
  • The average score is 14 of 30
Answer Stats
Album Weeks On Peak Artist(s) Song % Correct
Oral Fixation Vol. 2 31 Weeks #1 (2 Weeks) Shakira ft. Wyclef Jean Hips Don't Lie
89%
She Wolf 20 Weeks #11 Shakira She Wolf
89%
Laundry Service 24 Weeks #6 Shakira Whenever, Wherever
89%
Sale el Sol 11 Weeks #32 Shakira ft. Dizzee Rascal Loca
78%
B'Day 18 Weeks #3 Beyonce & Shakira Beautiful Liar
67%
Zootopia 9 Weeks #63 Shakira Try Everything
67%
El Dorado 18 Weeks #51 Shakira ft. Maluma Chantaje
56%
Vives & El Dorado 1 Week #95 Carlos Vives & Shakira La Bicicleta
56%
Fijación Oral Vol. 1 31 Weeks #23 Shakira ft. Alejandro Sanz La Tortura
56%
Laundry Service 20 Weeks #9 Shakira Underneath Your Clothes
56%
Shakira 19 Weeks #15 Shakira ft. Rihanna Can't Remember to Forget You
44%
Translation 13 Weeks #67 The Black Eyed Peas & Shakira Girl Like Me
44%
Las Mujeres Ya No Lloran 8 Weeks #67 Shakira & Rauw Alejandro Te Felicito
44%
Mañana Será Bonito and Las Mujeres Ya No Lloran 20 Weeks #7 Karol G & Shakira TQG
44%
Zootopia 2 10 Weeks #73 Shakira Zoo
44%
Las Mujeres Ya No Lloran 1 Week #84 Shakira Acrostico
33%
Las Mujeres Ya No Lloran 15 Weeks #9 Bizarrap & Shakira BZRP Music Sessions Vol. 53
33%
Shakira 11 Weeks #53 Shakira Dare (La La La)
33%
Oral Fixation Vol. 2 9 Weeks #42 Shakira Don't Bother
33%
Shakira 12 Weeks #58 Shakira Empire
33%
Global Warming 2 Weeks #89 Pitbull ft. Shakira Get It Started
33%
She Wolf 11 Weeks #29 Shakira ft. Lil Wayne Give It Up to Me
33%
She Wolf 3 Weeks #65 Shakira Gypsy
33%
Las Mujeres Ya No Lloran 3 Weeks #65 Shakira & Ozuna Monotonia
33%
Laundry Service 9 Weeks #55 Shakira Objection (Tango)
33%
Las Mujeres Ya No Lloran 1 Week #72 Shakira & Cardi B Punteria
33%
Listen Up! The Official 2010 FIFA World Cup Album 18 Weeks #38 Shakira ft. Freshlyground Waka Waka (This Time for Africa)
33%
El Dorado 2 Weeks #83 Shakira Me Enamore
22%
El Dorado 1 Week #100 Shakira ft. Nicky Jam Perro Fiel
22%
Las Mujeres Ya No Lloran 1 Week #55 Shakira & Fuerza Regida El Jefe
11%
No matching quizzes found
Score Distribution
Percent of People with Each Score
Percentile by Number Answered
Your Score History
You have not taken this quiz since the last reset